000 00384nam a2200169Ia 4500
008 230711s9999||||xx |||||||||||||| ||und||
041 _aENG
082 _a624
_bKH-C
100 _aKhurmi,R.S
245 0 _aCivil Engineering
250 _a5th
260 _c1991
_aNew Delhi
_bEuropa Publication
300 _a490
650 _aCivil Engineering
700 _aGupta,R.S
942 _cBK
999 _c1724
_d1724